Vista normal
Vista MARC
Entrada Meeting Name
Número de registros utilizados en: 1
001 - CONTROL NUMBER
- control field: 37706
003 - CONTROL NUMBER IDENTIFIER
- control field: OSt
005 - DATE AND TIME OF LATEST TRANSACTION
- control field: 20210520120615.0
008 - FIXED-LENGTH DATA ELEMENTS
- fixed length control field: 210520|| aca||aabn | a|a d
040 ## - CATALOGING SOURCE
- Original cataloging agency: OSt
- Transcribing agency: OSt
111 ## - HEADING--MEETING NAME
- Meeting name or jurisdiction name as entry element: Conferencia Interamericana sobre Tributación
- Number of part/section/meeting: (3ra :
- Date of meeting or treaty signing: 1972 :
- Location of meeting: México)
670 ## - SOURCE DATA FOUND
- Source citation: Work cat.: (OSt)7648: 14929, La política tributaria como instrumento del desarrollo : , 1973